| 000 | 01246nam0a2200361 4500 | ||
|---|---|---|---|
| 001 | RU\NLR\BIBL_A\022604635 | ||
| 005 | 20251121135218.0 | ||
| 010 |
_a978-5-17-176326-8 _91000 |
||
| 021 |
_aRU _bКН-П-25-038319 _9КН-П-25-3750 |
||
| 035 | _a(NLR Aleph) 022604635 | ||
| 090 |
_a13464868 _c13464868 |
||
| 100 | _a20250820d2025 u y0rusy50 ca | ||
| 101 | 0 | _arus | |
| 102 | _aRU | ||
| 105 | _ay z 000ay | ||
| 181 | 0 |
_ai _baxxe |
|
| 182 | 0 | _an | |
| 200 | 1 |
_aАктивная разведка _eроман _fСергей Сезин, Ольга Черкунова |
|
| 203 |
_aТекст _bвизуальный _cнепосредственный |
||
| 210 |
_aМосква _cАСТ, Ленинград _d2025 |
||
| 215 |
_a348, [2] с. _d21 |
||
| 225 | 1 |
_aВоенная фантастика _vвып. 280 |
|
| 333 | _a16+ | ||
| 686 | 2 | _aШ6(2=Р)8-445Сезин | |
| 686 | 2 | _aШ6(2=Р)8-445Черкунова | |
| 700 | 1 |
_aСезин _bС. Ю. _gСергей Юрьевич |
|
| 701 | 1 |
_aЧеркунова _bО. Ю. _gОльга Юрьевна |
|
| 942 | _cBOOK | ||
| 980 | _aNB | ||